| 000 | 00603nam a22001457a 4500 | ||
|---|---|---|---|
| 020 | _a81-8366-031-2 | ||
| 082 |
_a080 _bGUP/F |
||
| 100 | _aGUPTA, HARI OM | ||
| 245 | _aFEVER | ||
| 260 |
_aPUNJAB _bASHIRWAD SUNRAYS _c2005 |
||
| 300 | _a112 | ||
| 520 | _aMary Mallon was a brave, headstrong Irish immigrant who journeyed alone to America. She began as a laundress, but with an innate talent for cooking, Mary ascended the domestic service ladder and worked as a cook for upper-class families. Unbeknownst to Mary, she left a trail of Typhoid fever and death in her wake. | ||
| 650 | _aSTORY | ||
| 942 | _cBK | ||
| 999 |
_c6773 _d6773 |
||